000 00448nam a2200181Ia 4500
001 20926
005 20260306172841.0
008 260306t2019||||xx |||||||||||||| ||spa||
041 _aESP
082 _a343.8
_bV66A
100 _aVillazana Ochoa, Saúl
_eAUT
245 0 _aAplicación práctica del concepto de devengado
260 _c2019
300 _a238 páginas :
_c24 cm.
650 _aGEN
654 _aCCO
942 _cLIB
_dJUS
_fJUS
_2ddc
_n
999 _c20926
_d20926